The pearson legal refresher for judicial services examination / (Record no. 141788)

MARC details
000 -LEADER
fixed length control field 00627nam a22001937a 4500
005 - DATE AND TIME OF LATEST TRANSACTION
control field 20170622111957.0
010 ## - LCCN (DPL NO)
LC control number ENG-118774
020 ## - INTERNATIONAL STANDARD BOOK NUMBER
International Standard Book Number 9789332519220
Terms of availability 271.00
035 ## - SYSTEM CONTROL NUMBER
System control number EN-102306
037 ## - SOURCE OF ACQUISITION
Source of stock number/acquisition DBAD/PUB
082 ## - DEWEY DECIMAL CLASSIFICATION NUMBER
Classification number 000
100 ## - MAIN ENTRY--PERSONAL NAME
Personal name Bhardwaj, A.P.
245 ## - TITLE STATEMENT
Title The pearson legal refresher for judicial services examination /
Statement of responsibility, etc by A.P. Bhardwaj
250 ## - EDITION STATEMENT
Edition statement Second Edition
260 ## - PUBLICATION, DISTRIBUTION, ETC. (IMPRINT)
Place of publication, distribution, etc Uttar Pradesh
Name of publisher, distributor, etc Pearson Education
Date of publication, distribution, etc 2014
270 ## - ADDRESS
Address 7th Floor, Knowedge Boulevard, A-8 (A), Sector-62, Noida-201309, UP, India
300 ## - PHYSICAL DESCRIPTION
Extent Various Pagings
Dimensions 23cm.(pbk)
942 ## - ADDED ENTRY ELEMENTS (KOHA)
Source of classification or shelving scheme Dewey Decimal Classification
Item type English Books
Classification part 000
Call number suffix BHA
Holdings
Withdrawn status Lost status Not for loan Collection code Home library Current library Date acquired Source of acquisition Cost, normal purchase price Full call number Barcode Copy number Cost, replacement price Koha item type
      Non-fiction Patel Nagar Patel Nagar 22/06/2017 DBAD/PUB 271.00 000 BHA EN-102306 1 271.00 English Books

© Delhi Public Library
Hit Counter
free hit counter